A-Z Video Game Characters By Picture - Statistics

General Stats
  • This quiz has been taken 194 times
  • The average score is 17 of 26
Answer Stats
Picture Answer % Correct
D{onkey Kong}
98%
F{reddy Fazbear}
93%
C{rash Bandicoot}
91%
K{irby}
91%
Y{oshi}
91%
L{ink}
90%
W{ario}
90%
Doctor E{ggman}
87%
Princess Z{elda}
85%
M{aster Chief}
80%
A{rthur Morgan}
76%
S{pyro the Dragon}
73%
B{ayonetta}
72%
R{ayman}
72%
T{revor Philips}
69%
N{athan Drake}
63%
I{sabelle}
60%
V{ault Boy}
58%
H{eavy}
55%
Q{*bert}
54%
P{hoenix Wright}
49%
Captain O{limar}
46%
J{ak}
42%
G{ex}
35%
U{lala}
12%
X{ehanort}
9%
No matching quizzes found
Score Distribution
Percent of People with Each Score
Percentile by Number Answered
Your Score History
You have not taken this quiz